Quizzes
Events
Quiz Creation
Community
Videos
Private Events
Remove Ads
Sign In
Join for FREE
Feedback
Dark Mode
Quiz Categories
Sports
Geography
Music
Movies
Television
Just For Fun
Miscellaneous
History
Literature
Language
Science
Gaming
Entertainment
Religion
Holiday
For Kids
Quiz Lab
Recent
Popular Today
Quiz Kudos Today
Editor Picks
Curator Picks
Quizzes by...
Day
Popularity
Type
Ratings
Length
Year
Community
Subscriptions
Recent Discussions
Orange Saloon
Badges
Playlists
Quests
Create
Leaderboards
Showdown
Live 5
Trivia Bingo
Activity
Puzzle Library
Sporcle Events
Private Events
Virtual Trivia
Globe League
Become a Host
Pub Owners
SporcleCon
Opinionation
Our Games
Videos
Blog
Mobile Apps
Partnerships
Remove Ads and Go Orange
Feedback
Television
TV Characters
TV Show
Sitcom
Network
Friends
Reality Shows
Cast
South Park
Star Trek
The Simpsons
Doctor Who
Television
TV Characters
TV Show
Sitcom
Network
Friends
Reality Shows
Cast
South Park
Star Trek
The Simpsons
Doctor Who
Random Quiz
Search Sporcle
×
Quiz Lab
Quiz Lab
Television
Show
Type in answers that appear in a list
Type in answers that appear in a list
Classic
Best Score? Go Orange.
Britain's Best Sitcom Stats
Can you name the top 100 in the 2004 BBC poll to find Britain's Best Sitcom?
By
simonstn
12m
100 Questions
1,440 Plays
1,440 Plays
1,440 Plays
Comments
Comments
Give Quiz Kudos
Give Quiz Kudos
-
- Ratings
hide this ad
Replay
Link that replays current quiz
Next Quiz
Link to next quiz in quiz playlist
You Got
0%
They Got
Avg Score
31%
Avg Friend Score
Upgrade to see
Score Distribution
Jump to the score distribution portion of the page
Score
0/100
Timer
12:00
0
Plays Today
No.
Show
% Correct
1
Only Fools And Horses
88.5%
5
Fawlty Towers
77.4%
2
Blackadder
73.5%
7
Porridge/Going Straight
73.2%
4
Dad's Army
71.9%
3
The Vicar Of Dibley
69.1%
8
Open All Hours
66.2%
9
The Good Life
62.3%
10
One Foot In The Grave
62.2%
25
The Office
58.5%
12
Keeping Up Appearances
58%
11
Father Ted
57%
20
Are You Being Served?
55.2%
24
My Family
54.1%
6
Yes Minister/Yes Prime Minister
53.9%
17
Absolutely Fabulous
53.6%
31
The Young Ones
51.8%
14
Last Of The Summer Wine
51.6%
13
'Allo 'Allo!
51.3%
18
Red Dwarf
49.3%
15
Steptoe And Son
49%
27
Rising Damp
45.7%
19
The Royle Family
44.6%
45
Bottom
44.2%
46
It Ain't Half Hot Mum
43.8%
33
Butterflies
43.4%
16
Men Behaving Badly
42.4%
39
Bread
42.4%
23
The Likely Lads/Whatever Happened To The Likely Lads?
42%
22
Some Mothers Do 'Ave 'Em
41.4%
53
On The Buses
41%
21
To The Manor Born
40.9%
40
Hi-De-Hi!
38.9%
34
The Thin Blue Line
37.7%
No.
Show
% Correct
50
Goodnight Sweetheart
37.5%
28
Dinnerladies
37.2%
59
The Liver Birds
34.7%
77
Sorry
33.4%
55
George And Mildred
32.9%
58
Black Books
32.8%
47
The Brittas Empire
32.1%
32
Till Death Us Do Part/In Sickness And In Health
31.4%
66
Spaced
31.4%
30
Hancock's Half Hour
31.1%
38
Birds Of A Feather
31.1%
69
Man About The House
30.6%
68
Love Thy Neighbour
30.2%
42
I'm Alan Partridge
30.1%
35
The Fall And Rise Of Reginald Perrin
29.9%
29
As Time Goes By
29.5%
52
Ever Decreasing Circles
29.3%
73
Terry And June
29%
57
Citizen Smith
28.8%
43
Just Good Friends
27.9%
26
Drop The Dead Donkey
26.9%
36
Peter Kay's Phoenix Nights
26%
67
Bless This House
25.8%
37
Waiting For God
25.4%
54
Coupling
24.6%
44
2point4 Children
23.9%
48
Gimme Gimme Gimme
23.5%
85
Robin's Nest
23.3%
74
Only When I Laugh
22.6%
61
The New Statesman
21.6%
60
Two Pints Of Lager And A Packet Of Crisps
21.4%
41
The League Of Gentlemen
21.3%
70
Desmond's
20.2%
63
Please Sir!
19.9%
No.
Show
% Correct
64
Dear John
18.2%
49
Rab C Nesbitt
18.1%
71
Duty Free
17.7%
62
Sykes
16%
76
The Rag Trade
15.7%
51
Up Pompeii!
14.6%
89
Never The Twain
14.4%
91
Early Doors
14.3%
72
All Gas And Gaiters
13.6%
79
Doctor In The House
13.4%
56
A Fine Romance
13.4%
75
Brass
13.2%
83
Fresh Fields
12.9%
65
Barbara
12.8%
96
And Mother Makes Three
11.3%
94
Father Dear Father
10.4%
88
My Wife Next Door
10.4%
81
Shelley
9.6%
84
The Army Game
9.5%
99
A Sharp Intake Of Breath
9.2%
82
Nearest And Dearest
7.9%
92
Agony
7.6%
93
The Lovers
7.4%
78
Kiss Me Kate
6.9%
100
No Problem!
6.7%
98
Marriage Lines
6.3%
90
Nightingales
5.7%
86
The Dustbinmen
5.6%
95
Hot Metal
5%
80
I Didn't Know You Cared
5%
87
Whoops Apocalypse
4.9%
97
Life With The Lyons
4.3%
Quiz Playlist
Details
Report
Send in Message
Add To Playlist
Classic:
Type in answers that appear in a list
Quiz Source
Last Updated: Feb 16, 2017
Quiz Scoreboard
CHALLENGE
Sign Up to Join the Scoreboard
Show All
Scores
Hide
Comments
May contain spoilers
Recently Published
9x9 Crossword: Cartoon Network
by jackfrog10
Miscellaneous
3m
College Basketball Coaching Resumes
by pancakes188
Sports
9m
Billboard Blitz: Fleetwood Mac
by CooCooCachoo
Music
15s
More to Explore
Quiz From the Vault
Featured Blog Post
Where Did the Easter Bunny Come From?
hide this ad
You Might Also Like...
Tags
Show Quiz
Sitcom Quiz
100
2004
bbc
britain
Britain Best
poll
Today's Top Quizzes in Television
Browse Television
hide this ad
Today's Top Quizzes in Show
Browse Show
Top Contributed Quizzes in Television
1
5-to-1: The Simpsons Families
2
5-to-1: Television Doctors
3
7-to-1: TV Show Settings
4
Adjectives in 00s TV Shows
5
Adjectives in 80s TV Shows
6
5-to-1: Streaming Originals
7
Adjectives in 10s TV Shows
8
Survivor Seasons
9
One Piece Logic Puzzle
10
All US Survivor Seasons in Order
Explore More
Trending Topics
Harry Potter
Kpop
NBA
Anime
Marvel
Disney
Crossword
Pokémon
Puzzle
WWE
Country
Soccer
The Office
Song
NFL
hide this ad
More By:
simonstn
Quiz
Plays
Rating
Category
Featured
Created
Now That's What I Call Music (UK version)
2,785
4.82
Music
May 1, 2013
Brit Award winners of the 00s
2,014
5.00
Music
Jan 31, 2010
Britain's Best Sitcom
1,440
5.00
Television
Feb 7, 2010
NME 100 Greatest Albums Of The 00s
1,289
3.67
Music
Nov 17, 2009
Melody Maker covers of the 1990s
962
Music
May 4, 2020
Go to Creator's Profile
Score Distribution
Quiz Creator Spotlight
simonstn
Follow
Send a Message
Quizzes Created
-
Created Quiz Play Count
-
More By This Creator
Popular Quizzes Today
1
Find the US States - No Outlines Minefield
2
Find the Countries of Europe - No Outlines Minefield
3
The Countries of the World
4
Find the US States
5
Risky Map Clicking: Biggest States A-Z
6
US States
7
Popular People in 1961
8
Movies - When Are They Set?
More Television Quizzes
TV Rings
Editor's Pick
Trending Quizzes
Risky Map Clicking: Least Populous States A-Z
1-10 Letter G Words
1-10 Letter F Words
Risky Map Clicking: Next State Alphabetically
Adjectives in 80s TV Shows
Recently Updated
Leaping Animals
pecheneg
Reality TV Shows (A-Z)
bhenderson79
Rickey Henderson's Hall of Fame Teammates
pecheneg
Champions League XIs: Arsenal
pecheneg
Quick Pick: Celebrities in WWE's Hall of Fame
aduchscher
A-Z Keypad Blitz II
pecheneg
Multiple Oscar Actors
pecheneg
Mystery Phrase Blitz: Oscar 'Best Actors'
pecheneg
F. Scott Fitzgerald Novels
LTH
Pick 3 Villains
ddd62291
Trending Topics
Marvel
Crossword
Anime
Kpop
Disney
Harry Potter
NBA
Puzzle
Soccer
Country
Pokémon
The Office
NFL
WWE
Song
Your Account Isn't Verified!
In order to create a playlist on Sporcle, you need to verify the email address you used during registration. Go to your
Sporcle Settings
to finish the process.
Report this User
Report this user for behavior that violates our
Community Guidelines
.
Details:
Send Report
Go to the Sporcle.com Mobile Site →
Comments